Reliving Tagore : (Record no. 154133)

MARC details
000 -LEADER
fixed length control field 00571nam a22001817a 4500
005 - DATE AND TIME OF LATEST TRANSACTION
control field 20180717110316.0
010 ## - LCCN (DPL NO)
LC control number ENG-123479
020 ## - INTERNATIONAL STANDARD BOOK NUMBER
International Standard Book Number 9789382711940
Terms of availability 325.00
035 ## - SYSTEM CONTROL NUMBER
System control number EN-107011
037 ## - SOURCE OF ACQUISITION
Source of stock number/acquisition DBAD/PUB
082 ## - DEWEY DECIMAL CLASSIFICATION NUMBER
Classification number 863.08
100 ## - MAIN ENTRY--PERSONAL NAME
Personal name Chakravarti, Ruma
245 ## - TITLE STATEMENT
Title Reliving Tagore :
Statement of responsibility, etc by Ruma Chakravarti
Remainder of title poetry, prose and preceptions /
260 ## - PUBLICATION, DISTRIBUTION, ETC. (IMPRINT)
Place of publication, distribution, etc New Delhi
Name of publisher, distributor, etc Vitasta Publlishing Pvt. Ltd.
Date of publication, distribution, etc 2016
270 ## - ADDRESS
Address 2/15, Ansari Road, Daryaganj,
City New Delhi
Postal code 110002
300 ## - PHYSICAL DESCRIPTION
Extent ix,308p.
Dimensions 20cm(pbk)
942 ## - ADDED ENTRY ELEMENTS (KOHA)
Source of classification or shelving scheme Dewey Decimal Classification
Item type English Books
Call number suffix CHA
Classification part 863.08
Holdings
Withdrawn status Lost status Not for loan Collection code Home library Current library Date acquired Source of acquisition Cost, normal purchase price Full call number Barcode Copy number Cost, replacement price Koha item type
    Not For Loan Non-fiction D.B.Act.Division Bawana 17/07/2018 DBAD/PUB 325.00 863.08 CHA EN-107011 1 325.00 English Books

© Delhi Public Library
Hit Counter
free hit counter